ReFocus : the films of Francis Veber /

Using an auterist lens to challenge the notions of taste, genre and aesthetics that are commonly used to form the cinematic canon, this book explores the twelve films Veber directed between 1976 and 2008. These include 'Le Jouet' (1976), 'Les fugitifs' (1986), and 'L'em...

Full description

Bibliographic Details
Main Author: Corson, Keith (Author)
Format: Book
Language:English
Published: Edinburgh : Edinburgh University Press, [2019]
Series:ReFocus: the international directors series.
Subjects:

MARC

Tag First Indicator Second Indicator Subfields
LEADER 00000cam a2200000Ii 4500
001 in00004151221
008 180614t20192019stka b 001 0deng d
005 20250318223641.7
020 |a 9781474429481 
020 |a 1474429483  |q hardcover 
020 |z 9781474429504  |q webready PDF 
020 |z 9781474429511  |q epub 
035 |a (OCoLC)on1039935544 
035 |a (OCoLC)1039935544 
040 |a YDX  |b eng  |e rda  |c YDX  |d BDX  |d OCLCQ  |d YDXIT  |d OCLCF  |d EYM  |d GZM  |d UtOrBLW 
043 |a e-fr--- 
050 4 |a PN1998.3.V42  |b C67 2019 
082 0 4 |a 791.430233092  |2 23 
100 1 |a Corson, Keith,  |e author.  |0 http://id.loc.gov/authorities/names/no2015086433 
245 1 0 |a ReFocus :  |b the films of Francis Veber /  |c Keith Corson. 
264 1 |a Edinburgh :  |b Edinburgh University Press,  |c [2019] 
264 4 |c ©2019 
300 |a vii, 166 pages :  |b illustrations ;  |c 24 cm. 
336 |a text  |b txt  |2 rdacontent 
336 |a still image  |b sti  |2 rdacontent 
337 |a unmediated  |b n  |2 rdamedia 
338 |a volume  |b nc  |2 rdacarrier 
490 1 |a ReFocus: the international directors series 
504 |a Includes bibliographical references and index. 
520 8 |a Using an auterist lens to challenge the notions of taste, genre and aesthetics that are commonly used to form the cinematic canon, this book explores the twelve films Veber directed between 1976 and 2008. These include 'Le Jouet' (1976), 'Les fugitifs' (1986), and 'L'emmerdeur' (2008). 
600 1 0 |a Veber, Francis  |x Criticism and interpretation. 
600 1 7 |a Veber, Francis.  |2 fast  |0 (OCoLC)fst01795273 
650 0 |a Motion picture producers and directors  |z France  |x Criticism and interpretation. 
650 7 |a Motion picture producers and directors.  |2 fast  |0 (OCoLC)fst01027225 
651 7 |a France.  |2 fast  |0 (OCoLC)fst01204289 
655 7 |a Criticism, interpretation, etc.  |2 fast  |0 (OCoLC)fst01411635 
830 0 |a ReFocus: the international directors series.  |0 http://id.loc.gov/authorities/names/no2019156097 
852 8 |b pda,print  |z This title is available for the library to purchase for your use. Click the "Purchase It For Me" button to place a request. This item may take 5-10 business days to arrive. 
955 |a Print PDA title 
999 f f |s d27fdce7-4a33-4fbf-a6c8-e0341276eaa2  |i e5db506f-8c57-313b-bd58-64422ba1615e  |t 0 
952 f f |a Texas A&M University  |b College Station  |c Sterling C. Evans Library  |d Purchase on Demand  |t 0  |e PN1998.3.V42 C67 2019  |h Library of Congress classification 
998 f f |a PN1998.3.V42 C67 2019  |t 0  |l Purchase on Demand